COUNTRIES WITH THE HIGHEST STANDARD OF LIFE - Statistics

General Stats
  • This quiz has been taken 25 times
  • The average score is 7 of 9
Answer Stats
Answer % Correct
Norway
92%
Sweden
92%
Australia
84%
Finland
84%
Canada
80%
Denmark
80%
Switzerland
64%
Netherlands
56%
Bonus: Can you guess US's position -{18}
48%
No matching quizzes found
Score Distribution
Percent of People with Each Score
Percentile by Number Answered
Your Score History
You have not taken this quiz